000 00434nam a22001457a 4500
999 _c167306
_d167306
008 190827b ||||| |||| 00| 0 eng d
020 _a81-7052-137-8
040 _aDPl
_bENGLISH
050 _a181.41 CHI
100 _aBy Chindananda, Swami
245 _aA call to liberation
_cSwami Chidananda
260 _aSwami Krishnanada
_bShivanandanagar
_c1997
300 _a483p.
_b25 cm.
942 _2ddc
_cEN
_h181.41
_mCHI